| 000 | 00577nam a2200169Ia 4500 | ||
|---|---|---|---|
| 003 | GCL | ||
| 008 | 140319s9999 xx 000 0 ara d | ||
| 040 |
_aGCL / _cGCL |
||
| 082 | 0 | 4 |
_a214 _bا ت |
| 100 | 1 | _aانور الجندى | |
| 245 | 1 | 0 |
_aالثقافة العربية: اسلامية اصولها وانتمائها / _cانور الجندى |
| 260 |
_a[S.N] : _bدار الكتاب اللبنانى ، _c1982 |
||
| 300 | _a414 ص | ||
| 490 |
_aالموسوعة الاسلامية العربية _v0 |
||
| 650 | 0 | 4 | _aالثقافة الاسلامية |
| 942 |
_2ddc _cBK |
||
| 999 |
_c50606 _d50606 |
||